History Quiz

Random History or War Quiz

Fredericksburg Order of Battle Quiz Stats

 Plays Quiz not verified by Sporcle

Support Sporcle.
Go Orange.
Score 0/163 Timer 12:00
0 Plays Today
Command Name % Correct
Army of the PotomacAmbrose Burnside
98.6%
Third BrigadeConrad Jackson
97.6%
Army of Northern Virginia Robert E. Lee
97.6%
Second CorpsStonewall Jackson
97.6%
BrigadeFitzhugh Lee
97.6%
BrigadeW.H.F. Lee
97.6%
First DivisionWinfield Hancock
96.6%
First CorpsJames Longstreet
96.1%
Center Grand DivisionJoseph Hooker
95.7%
DivisionJohn B. Hood
95.2%
First DivisionWilliam Burns
93.7%
Third DivisionGeorge Meade
93.7%
Cavalry DivisionJeb Stuart
93.7%
DivisionD.H. Hill
92.3%
DivisionA.P. Hill
92.3%
First CorpsJohn Reynolds
91.8%
BrigadeLewis Armistead
91.8%
DivisionLafayette McLaws
91.3%
DivisionGeorge Pickett
90.3%
BattalionEdward Porter Alexander
88.9%
Second DivisionOliver O. Howard
88.4%
BrigadeJames Kemper
88.4%
Right Grand DivisionEdwin V. Sumner
86.5%
BrigadeRichard B. Garnett
86.5%
DivisionJubal Early
85.5%
Artillery James Smith
85%
Sixth CorpsWilliam Smith
85%
Second CorpsDarius Couch
84.5%
BrigadeDavid McMurtrie Gregg
84.5%
BrigadeMaxcy Gregg
84.5%
BrigadeWilliam Barksdale
84.1%
DivisionRichard Anderson
84.1%
BrigadeGeorge T. Anderson
84.1%
Second DivisionDaniel Sickles
82.6%
BrigadeWade Hampton
82.6%
First DivisionAbner Doubleday
82.1%
ArtilleryHilary Jones
82.1%
BrigadeJohn R. Jones
82.1%
BrigadeWilliam Jones
82.1%
Chief of ArtilleryHenry Hunt
81.6%
BrigadeEdmund Pendleton
81.6%
Reserve ArtilleryWilliam Pendleton
81.6%
BrigadeCadmus Wilcox
81.2%
Second BrigadeThomas Meagher
80.2%
Left Grand DivisionWilliam Franklin
80.2%
BrigadeEdward Thomas
80.2%
Provost MarshallMarsena Patrick
79.7%
BrigadeEvander Law
79.7%
BrigadeRobert Rodes
79.2%
Stuart Horse ArtilleryJohn Pelham
79.2%
BrigadeWilliam Dorsey Pender
78.7%
BrigadeThomas Cobb
78.3%
Cavalry DivisionAlfred Pleasonton
77.8%
Second DivisionGeorge Sykes
76.8%
BrigadeJames Archer
76.8%
Command Name % Correct
Third BrigadeGouverneur Warren
75.8%
BrigadeAmbrose Wright
75.8%
BrigadeE.T.H. Warren
75.8%
BrigadeWilliam Mahone
75.4%
BrigadeMicah Jenkins
75.4%
BrigadeJames Lane
75.4%
Third BrigadeSamuel Zook
74.4%
BrigadePaul Semmes
73.9%
First BrigadeJohn Caldwell
72.9%
Second DivisionJohn Gibbon
72.5%
Horse ArtilleryJames M. Robertson
72.5%
BrigadeJerome Robertson
72.5%
BrigadeHarry Hays
72.5%
ArtilleryReuben Walker
72%
BrigadeJames Walker
72%
Third DivisionAndrew Humphreys
71.5%
Third DivisionJohn Newton
71.5%
BrigadeJoseph Kershaw
71.5%
BrigadeHenry Benning
71.5%
BrigadeAlfred Iverson
70.5%
Brigade Edward Perry
69.6%
BrigadeMontgomery Corse
69.6%
DivisionRobert Ransom
69.1%
BrigadeRobert Ransom
69.1%
Corps ArtilleryJames B. Walton
69.1%
First DivisionDavid Birney
68.1%
BrigadeGeorge Doles
67.6%
ArtilleryHenry Cabell
67.1%
Third DivisionWilliam H. French
66.7%
Ninth CorpsOrlando B. Willcox
66.7%
Fourth BrigadeSolomon Meredith
66.7%
BrigadeJohn Farnsworth
65.7%
BrigadeWinfield Featherston
64.3%
BattalionWilliam Nelson
64.3%
BrigadeJohn Brockenbrough
63.8%
ArtilleryJohn Brockenbrough
63.8%
BattalionThompson Brown
63.8%
Third CorpsGeorge Stoneman
61.8%
First BrigadeJoseph Carr
61.4%
Engineer BrigadeDaniel Woodbury
60.9%
BrigadeJohn R. Cooke
60.9%
BattalionAllen S. Cutts
60.9%
Third BrigadeNorman Hall
60.4%
Second BrigadeGeorge Hall
60.4%
Second BrigadeAlbert Magilton
59.9%
Second DivisionAlbion Howe
59.9%
BrigadeAlfred Colquitt
59.9%
BrigadeBryan Grimes
59.4%
First BrigadeJames Nagle
58.9%
Second BrigadeEdward Ferrero
58.9%
First BrigadeNathan Kimball
58.5%
First BrigadeJohn Cochrane
57.5%
Third BrigadeHiram Berry
57%
First BrigadeErastus Tyler
57%
BrigadeWilliam Averell
57%
Command Name % Correct
Third BrigadeDavid Russell
55.6%
BrigadeGeorge Bayard
55.1%
First BrigadeWalter Phelps Jr.
54.1%
First BrigadeJames Barnes
53.6%
Horse ArtilleryAlexander Pennington Jr.
53.6%
BrigadeRobert F. Hoke
53.6%
Second BrigadeJ.H. Hobart Ward
53.1%
DivisionWilliam B. Taliaferro
53.1%
Second BrigadeJames Gavin
52.7%
Second BrigadeCharles Devens Jr.
52.7%
Second BrigadeJoshua Owen
51.7%
Second BrigadePeter Allabach
51.7%
First DivisionCharles Griffin
50.7%
Fifth CorpsDaniel Butterfield
50.2%
Third BrigadeThomas Rowley
50.2%
BrigadeElisha Paxton
50.2%
Third BrigadeJohn W. Andrews
49.8%
Third DivisionGeorge Getty
49.8%
Second BrigadeGeorge Andrews
49.8%
First BrigadeOrland Poe
48.8%
Second BrigadeBenjamin Christ
48.3%
Horse ArtilleryHoratio Gibson
48.3%
First BrigadeAlfred Sully
47.3%
First BrigadeRobert Buchanan
47.3%
Second BrigadeHenry Cake
46.9%
Third BrigadeDaniel Leasure
46.4%
ArtilleryJoseph Latimer
46.4%
Third BrigadeNelson Taylor
44.4%
ArtilleryGeorge Randolph
43%
Second DivisionSamuel Sturgis
42.5%
ArtilleryGeorge Gerrish
42.5%
Third BrigadeWilliam Rogers
41.1%
BrigadeE.N. Atkinson
41.1%
First BrigadeAlfred Torbert
40.6%
Second Corps Artillery ReserveCharles Morgan
39.1%
First DivisionWilliam T.H. Brooks
38.6%
First BrigadeJohn Robinson
37.2%
Second BrigadeSamuel Carroll
37.2%
Second BrigadeHenry Whiting
36.2%
Third BrigadeThomas B.W. Stockton
35.7%
Second BrigadeJacob Sweitzer
35.3%
First BrigadeAdrian Root
35.3%
Third BrigadeFrancis Vinton
34.3%
Second BrigadePeter Lyle
33.8%
First BrigadeCalvin Pratt
32.4%
ArtilleryGeorge Leppein
30.4%
Third DivisionAmiel Whipple
29.5%
Second BrigadeEdward Harland
28.5%
First BrigadeSanders Piatt
27.1%
Second BrigadeOliver Palmer
26.6%
First BrigadeRush Hawkins
24.2%
First BrigadeWilliam Sinclair
23.7%
Third BrigadeJoseph Revere
19.8%

You're not logged in!

Compare scores with friends on all Sporcle quizzes.
OR
Log In

From the Vault

Largest to Smallest: Solar System Objects Minefield

by WillieG

None of them are really that small, relatively speaking.
Remove Ads.
Support Sporcle.
Get the best of Sporcle when you Go Orange. This ad-free experience offers more features, more stats, and more fun while also helping to support Sporcle. Thank you for becoming a member.

Show Comments

Extras

Top Quizzes Today


Score Distribution

Your Account Isn't Verified!

In order to create a playlist on Sporcle, you need to verify the email address you used during registration. Go to your Sporcle Settings to finish the process.

Report this User

Report this user for behavior that violates our Community Guidelines.

Details: